| 000 | 00508nam a2200181Ia 4500 | ||
|---|---|---|---|
| 999 |
_c27936 _d27936 |
||
| 003 | OSt | ||
| 005 | 20201203110055.0 | ||
| 008 | 190216s9999||||xx |||||||||||||| ||und|| | ||
| 020 | _a8124005818 | ||
| 040 | _coclc | ||
| 082 |
_a894.8123 _bBAL/O |
||
| 100 |
_aBalakrishnan, C V _96478 |
||
| 245 | 0 |
_aOttaikkoru Pennkutty / _cC V Balakrishnan |
|
| 260 |
_bCurrent Books, _c1989. _aKottayam: |
||
| 300 | _a128p | ||
| 650 | _aNovel | ||
| 942 |
_cBK _2ddc _h894.8123 _iBAL/O _k894.8123 _mBAL/O |
||